[ENCICLICAS PONTIFICIAS] COLECCION COMPLETA DE 1832 A 1958

Guardado en:
Bibliografiske detaljer
Format: Bog
Tags: Tilføj Tag
Ingen Tags, Vær først til at tagge denne postø!

MARC

LEADER 00000nam^a2200000^a^4500
001 000209288
005 20250521000000.0
009 20260310103317.64
035 |a 001543 
037 |a Acervo Xavier Clavigero 
082 |a 209. 2  |b ENC 
245 1 0 |a [ENCICLICAS PONTIFICIAS] COLECCION COMPLETA DE 1832 A 1958 
264 |a BUENOS AIRES :  |b GUADALUPE,  |c 1958 
336 |a texto  |b txt  |2 rdacontenido 
337 |a sin mediación  |b n  |2 rdamedio 
338 |a volumen  |b nc  |2 rdasoporte 
649 |a XX 
910 |a Fondo General 
920 |a Impresos - Libros 
930 |a Colección General 
905 |a 101 
901 |a 001543  |b IT1  |c ACC  |i 001543  |u 20250521 
901 |a 001544  |b IT1  |c ACC  |i 001544  |u 20250521 
902 |a https://opac.biblio.iteso.mx/vufind/Record/000209288